000 00807nam a2200265 a 4500
008
020 _a9780470805527 (paperback)
040 _aNUST
_cNUST
049 _aMAIN
090 _aBF121
_bDRE
100 1 _aWesten, Drew.
245 1 0 _aPsychology:
_bAustralian and Newzealand Edition /
_bDrew Western, Burton Lorelle and Kowalski Robin.
260 _aAustralia :
_bJohn Wiley and Sons,
_c2006
336 _atext
_btxt
_2rdacontent
337 _aunmediated
_bn
_2rdamedia
338 _avolume
_bnc
_2rdacarrier
500 _aIncludes index.
650 1 _aPsychology.
700 _aKowalski, Robin.
700 _aBurton, Lorelle.
907 _a.b10412098
_b02-11-21
_c02-11-21
003
005 20230123141228.0
942 _cBOOKS
_kBF121
_mDRE
999 _c169898
_d169898